000 00260nam a2200109Ia 4500
005 20251222114351.0
008 251222s1900||||xx |||||||||||||| ||spa||
082 _aDVD0010/L37/2000
245 0 _aEl tigre y el dragón
264 _bColumbia Pictures
942 _cDVD
999 _c1228
_d1228